000 00353pam a2200133 a 4500
020 _c
041 _h
082 _a050
_bVIK
100 _aViktor K ,
_eAuthor .
245 _aIEEE transactionson Computers Jan - June 2004 , Vol - 53 ,
_hBound Volumes
260 _a[s.l]:
_bIEEE Computer Society ,
_c2004.
300 _a0:
_bHB;
_c28*20.
930 _a15949
999 _c59170
_d59170